[Event "Bicaz City Cup 2020"]
[Site "Bicaz"]
[Date "2020.03.06"]
[Round "2.12"]
[White "Madin, Ovidiu-Andrei"]
[Black "Lupu, Ovidiu-Jean"]
[Result "0-1"]
[WhiteElo "1687"]
[BlackElo "2129"]
[Annotator "TA"]
[PlyCount "22"]
[EventDate "2020.03.05"]
[EventType "swiss"]
[EventCountry "ROU"]
[SourceTitle "playchess.com"]
[Source "ChessBase"]
[SourceQuality "1"]

{[%evp 9,22,3,24,10,23,-356,-353,-523,-522,-505,-514,-562,-570,-677,-646]} 1. e4 c5 2. Nf3 d6 3. b3 Nf6 4. e5 dxe5 5. Nxe5 a6 {[#] ...Qd4 is the strong threat.} 6. Bb2 {B50: Sicilian: 2...d6, Miscellaneous.} Nbd7 {[#]} 7. g3 $146 {[%mdl 8192]} (7. f4 $11 {and White is okay.}) ({Predecessor:} 7. a4 Qc7 8. Nxd7 Bxd7 9. Bc4 e6 10. O-O Bd6 11. h3 Bc6 12. Qe2 h5 13. d4 cxd4 14. Bxd4 {½-½ (66) Hareb,N (1769)-Ahmad,A (1801) Abu Dhabi 2019}) 7... Nxe5 $19 8. Bxe5 (8. Bg2 {was called for.} Nc6 9. O-O) 8... Qd5 $1 {[%csl LRe5,LRh1][%mdl 64] [#] Double Attack. Black is clearly winning.} 9. Bxf6 gxf6 10. Rg1 Qe5+ {[%mdl 64] Double Attack} 11. Qe2 Qxa1 {[%mdl 64] Double Attack. Black took control after the opening.} 0-1

[Event "Bicaz City Cup 2020"]
[Site "Bicaz"]
[Date "2020.03.06"]
[Round "2.13"]
[White "Telea, Stefan"]
[Black "Istrate, Ioan"]
[Result "1-0"]
[WhiteElo "2006"]
[BlackElo "1648"]
[Annotator "TA"]
[PlyCount "106"]
[EventDate "2020.03.05"]
[EventType "swiss"]
[EventCountry "ROU"]
[SourceTitle "playchess.com"]
[Source "ChessBase"]
[SourceQuality "1"]

{[%evp 12,106,45,41,44,46,64,45,49,46,32,43,77,58,60,44,61,29,29,24,26,33,39,39,61,52,49,48,66,39,44,37,110,87,110,75,87,55,86,59,238,208,218,209,172,79,137,125,182,235,369,344,543,429,659,661,812,814,1095,1018,994,914,904,892,828,792,1626,1614,1729,1752,1741,1697,2229,2458,1984,1844,3163,2908,5139,5131,12820,6145,4814,1788,29984,29983,29982,29983,29990,29988,29988,29989,29990,29991,29993,29993,29993]} 1. Nf3 c5 2. g3 e6 3. Bg2 Nf6 4. O-O Be7 5. c4 O-O 6. Nc3 a6 7. d4 cxd4 {A30: Symmetrical English: Double Fianchetto and Hedgehog.} 8. Nxd4 {[#]} h6 $146 ({Predecessor:} 8... Qc7 9. Qd3 Nc6 10. b3 Ne5 11. Qd2 d6 12. Bb2 Bd7 13. Rac1 Rfe8 14. Rfd1 Rad8 15. e3 Qb8 16. Qe2 Rc8 17. h3 {1-0 (57) Melkumyan,H (2622)-Bezold,M (2509) Germany 2016}) 9. h3 d6 {White is slightly better.} 10. Be3 Nbd7 11. Rc1 Qc7 12. Qd2 Re8 13. Rfd1 Bf8 14. Kh2 Ne5 15. b3 Bd7 16. Ne4 Nxe4 17. Bxe4 f5 18. Bg2 Rad8 19. a4 Bc8 20. a5 Qf7 21. f4 Ng6 (21... Nd7 $14) 22. b4 {[%cal Bb3b4,Bb4b5][%mdl 32]} Qf6 23. b5 e5 24. Bd5+ Kh8 25. Nf3 $36 {[%mdl 2048] White has good play.} axb5 $2 (25... Ne7 $14) 26. Bb6 Rd7 27. cxb5 Rde7 {next ...exf4 is good for Black.} 28. fxe5 (28. e3 $18 {is more deadly.}) 28... Nxe5 (28... dxe5 $142 29. e4 Be6) 29. Nxe5 Rxe5 (29... dxe5 $16 30. e4 f4) 30. e3 $18 Be6 (30... Bd7 {was worth a try.} 31. Qg2 Bxb5 32. Bxb7 R5e7) 31. Bxb7 Bb3 (31... Rxb5 $142 32. Bd4 Qf7) 32. Re1 Qg6 (32... Rxb5 $142 33. Bc6 Ree5 34. Bxb5 Rxb5) 33. Bc6 Rc8 34. Bd4 Re7 35. a6 d5 36. a7 Rxa7 37. Bxa7 Bd6 38. Qf2 Bc4 {[#]} 39. Bxd5 $1 Bxd5 40. Rxc8+ Kh7 41. Rd8 Be4 {[#]} 42. Rxd6 $1 Qxd6 43. Bd4 h5 44. b6 h4 45. Qf4 Qb4 46. Rf1 Qd2+ 47. Qf2 hxg3+ 48. Kxg3 {White mates.} Qb4 49. Qf4 Qd2 50. Qg5 {[%csl Gd4][%cal Rg5g7]} Qg2+ 51. Kh4 Qxg5+ 52. Kxg5 g6 53. Rc1 Kg8 {Accuracy: White = 74%, Black = 53%.} 1-0

[Event "Bicaz City Cup 2020"]
[Site "Bicaz"]
[Date "2020.03.06"]
[Round "2.14"]
[White "David, Alexandru-Vasile"]
[Black "Antal, Hunor-Zoltan"]
[Result "0-1"]
[WhiteElo "2428"]
[BlackElo "1989"]
[Annotator "TA"]
[PlyCount "95"]
[EventDate "2020.03.05"]
[EventType "swiss"]
[EventCountry "ROU"]
[SourceTitle "playchess.com"]
[Source "ChessBase"]
[SourceQuality "1"]

{[%evp 9,95,-22,-33,-6,-17,2,42,36,36,-81,-81,-84,-83,-74,-60,-119,-102,-196,-172,-170,-181,-305,-118,-112,-111,-138,-100,-102,-85,-117,-106,-116,-89,-95,-84,-89,-87,-87,-85,-120,-120,-112,-113,-120,-120,-121,0,0,0,0,0,0,0,-76,0,-327,-331,-320,-318,-291,170,-279,-264,-260,-267,-260,-220,-427,-375,-367,-93,-93,-96,-156,-152,-149,-152,-231,-229,-227,-63,-349,-236,-340,-310,-594,-405,-29984]} 1. Nc3 d5 2. e4 d4 3. Nce2 Nc6 4. Ng3 Nf6 5. Bc4 h5 6. d3 {A00: Irregular Openings.} h4 7. N3e2 {[#]} Ne5 $146 ({Predecessor:} 7... h3 8. Nxh3 Bxh3 9. gxh3 Ne5 10. Ng3 Qd7 11. Bb3 Qxh3 12. Bf4 Ng6 13. Bxc7 Rc8 {½-½ (34) Peiter,A-Zimmermann,C (2265) Germany 1995}) 8. Bb3 $1 {White is slightly better.} h3 9. Nf4 (9. gxh3 $14 {keeps the upper hand.} e6 10. Bd2) 9... hxg2 10. Nxg2 Bg4 $36 {[%mdl 2048] Black is really pushing.} 11. f3 Bh5 12. Nf4 (12. Qe2 $15) 12... e6 $17 13. Bd2 (13. h4 $17 {was worth a try.}) 13... g5 14. Nxh5 Nxh5 (14... Rxh5 15. h4 $1 $15 {[%mdl 512]}) 15. Nh3 (15. Qe2 $142) 15... Nf4 $2 (15... Bh6 $1 $19 {aiming for ...g4!} 16. Nf2 g4 $1 {[%mdl 512]} 17. Bxh6 Rxh6 18. Nxg4 Qh4+ 19. Ke2 Nxg4 20. fxg4 Qxg4+ 21. Ke1 Qg2) 16. Nxf4 gxf4 17. Ke2 Qf6 18. Qf1 O-O-O 19. Re1 Be7 20. Kd1 Rh4 21. Re2 Rdh8 22. h3 Qh6 23. Reh2 Rh5 24. Ke2 Bh4 25. Rg2 Qf6 26. c3 Bg3 27. cxd4 Ng6 (27... Nc6 $17 28. Kd1 Nxd4) 28. Bc3 $11 Rxh3 29. Rxh3 Rxh3 30. d5 $1 e5 31. Kd2 (31. Kd1 $11) 31... Nh4 (31... Qh8 $17 {Hoping for ...Rh1.} 32. Re2 Rh1) 32. Re2 $2 {[%mdl 8192] [#]} (32. Rf2 $1 $11 Bxf2 33. Qxh3+ Kb8 34. Qd7) 32... Nxf3+ $1 $19 {[%mdl 512]} 33. Kc2 ({Not} 33. Qxf3 $2 Be1+ $1 {[%mdl 512]} 34. Rxe1 Rxf3 $19) 33... Ng5 34. Rd2 Rh2 $4 {[%mdl 8192]} (34... f3 $19 {Strongly threatening ...f2.} 35. Rd1 f2) 35. d6 $4 {[%mdl 8192]} (35. Rxh2 $18 {was the only winning move.} Bxh2 36. Qe2) 35... Rxd2+ ({And not} 35... cxd6 36. Rxh2 Bxh2 37. Qf2 $14) 36. Bxd2 Qxd6 37. Qh1 Qc5+ 38. Bc3 $2 (38. Kd1) 38... Qf2+ 39. Kb1 Bh4 $2 (39... f3 $19 {has better winning chances.} 40. a3 Bh2) 40. Bxe5 $17 f3 41. Bd1 {[#]} ({White should play} 41. a3) 41... Qd2 $1 {...f2 is the strong threat.} 42. Bc3 Qf4 ({Reject} 42... Qxd3+ $6 43. Bc2 $11) 43. Kc2 (43. Be5 $17 Qxe5 44. Qxh4) 43... f2 $19 44. Be2 Qg3 $2 ({Black should try} 44... Ne6 $19 {Threatens to win with ...Bg5.} 45. Bd2 Qg3) 45. Qf1 $2 {[%mdl 8192] This costs White the game.} ({Only move:} 45. Bf1 $1 $15) 45... Ne6 46. Kd1 (46. a3 {is a better defense.}) 46... Bg5 47. Bd2 $2 (47. Kc2 {was forced.}) 47... Bf6 48. Be3 {Accuracy: White = 44%, Black = 54%.} (48. Kc1 $19) 0-1

[Event "Bicaz City Cup 2020"]
[Site "Bicaz"]
[Date "2020.03.06"]
[Round "2.15"]
[White "Pislariu, Stefanel-Vasilica"]
[Black "Calcea, Ioan"]
[Result "1-0"]
[WhiteElo "1954"]
[BlackElo "1580"]
[Annotator "TA"]
[PlyCount "93"]
[EventDate "2020.03.05"]
[EventType "swiss"]
[EventCountry "ROU"]
[SourceTitle "playchess.com"]
[Source "ChessBase"]
[SourceQuality "1"]

{[%evp 20,93,48,54,60,66,132,126,126,132,124,125,126,118,117,115,149,96,130,119,116,90,101,69,92,98,82,69,72,53,83,71,70,62,130,101,163,171,170,158,212,218,236,233,239,241,279,267,308,302,279,174,192,191,314,306,400,418,479,370,352,-39,-39,-39,-39,-39,1374,1185,2348,2175,4710,580,1158,1087,1066,1047]} 1. d4 Nf6 2. c4 e6 3. Nc3 d5 4. Nf3 h6 5. e3 c6 6. Bd3 Be7 7. O-O Nbd7 8. Re1 O-O 9. e4 dxe4 10. Nxe4 Nxe4 11. Bxe4 Nf6 {D46: Semi-Slav: 5 e3 Nbd7 6 Bd3, Black avoids the Meran.} 12. Bc2 {[#]} Nh7 $146 (12... c5 $14) ({Predecessor:} 12... b6 13. h3 Bb7 14. Be3 Rc8 15. b3 c5 16. dxc5 Bxc5 17. Bxc5 Rxc5 18. Qxd8 Rxd8 19. Rad1 Rdc8 20. Ne5 a5 21. f3 {½-½ (21) Barros Jr,W (2005)-Correa,J (1686) Santa Luzia 2018}) 13. Ne5 $16 f5 {White is better.} 14. Ng6 Re8 15. Nxe7+ Rxe7 16. Bf4 Nf6 17. Be5 Re8 18. b4 (18. Qf3 $142) 18... Ng4 19. Bg3 a5 20. h3 Nf6 21. a3 b5 22. Qf3 Bd7 23. Be5 bxc4 24. bxa5 Rxa5 25. Qc3 $36 {[%mdl 2048] Keeping Black busy.} Nd5 26. Qxc4 Qa8 (26... Qe7 $14) 27. Bd6 Nf6 (27... Qa7 $16) 28. Bb4 $18 Qa6 29. Qa2 Rd5 (29... Rb5 $16 {might work better.} 30. Bd3 Qa7 31. Bxb5 cxb5) 30. Bc5 Bc8 31. Bb3 Rdd8 32. Bxe6+ Kh8 33. Bxc8 Qxc8 34. Rxe8+ Rxe8 35. Qc4 f4 36. Qd3 Nh7 (36... Qc7 {was called for.} 37. Qf5 Re4) 37. Bd6 c5 38. dxc5 Qd7 39. Rd1 Ng5 40. Bxf4 $2 ({White should try} 40. f3 $18) 40... Re1+ $1 $15 41. Rxe1 Qxd3 42. c6 $1 {[%cal Rc6c7] [#]} Kh7 $2 {[%mdl 8192] [#] A mistake that costs the game.} (42... Nxh3+ $1 $15 {[%mdl 512]} 43. gxh3 Qg6+ {[%mdl 64] Double Attack} 44. Bg3 Qxc6) 43. c7 $1 $18 {White is clearly winning.} Qd7 44. Rc1 Qc8 45. Rb1 (45. Bxg5 $142 Kg6 46. Bd2) 45... Qf5 46. Rb8 Qxf4 47. c8=Q {Accuracy: White = 70%, Black = 36%.} 1-0

[Event "Bicaz City Cup 2020"]
[Site "Bicaz"]
[Date "2020.03.06"]
[Round "2.16"]
[White "Cociorva, Neculai"]
[Black "Prisacaru, Stefan-Emilian"]
[Result "0-1"]
[WhiteElo "1656"]
[BlackElo "1953"]
[Annotator "TA"]
[PlyCount "62"]
[EventDate "2020.03.05"]
[EventType "swiss"]
[EventCountry "ROU"]
[SourceTitle "playchess.com"]
[Source "ChessBase"]
[SourceQuality "1"]

{[%evp 11,62,-60,-56,-72,-58,-154,-44,-44,-41,-61,-36,-62,-72,-129,-129,-136,-130,-151,-147,-137,-120,-214,-208,-216,-209,-213,-70,-145,-159,-170,-138,-357,-353,-403,-403,-531,-514,-5002,-4908,-29988,-29985,-29985,-29986,-29994,-29987,-29987,-29988,-29993,-29994,-29995,-29996,-29996,-1900]} 1. e4 c5 2. Nf3 Nc6 3. Bc4 e6 4. c3 d5 5. exd5 exd5 6. Qe2+ Be7 $1 7. Bb5 {B30: Sicilian: 2...Nc6 3 Bb5, lines without ...g6.} Nf6 8. Ne5 ({Better is} 8. O-O $15) 8... Bd7 {[#]} (8... Qb6 $17 {aiming for ...0-0.} 9. d4 cxd4 10. cxd4 O-O) 9. Bxc6 $146 {Black is slightly better.} ({Predecessor:} 9. Nxd7 Qxd7 10. O-O O-O 11. d3 Rfe8 12. Bf4 a6 13. Ba4 b5 14. Bc2 d4 15. Qf3 {½-½ (46) Pericka,P (1822)-Wallner,J (1536) Slovakia 2017}) 9... bxc6 10. Nxd7 Qxd7 11. h3 O-O 12. d4 (12. O-O $142) 12... cxd4 $17 13. cxd4 Bb4+ 14. Nc3 Rfe8 15. Be3 {[#]} c5 $1 {[%cal Rc5d4][%mdl 512]} 16. a3 (16. dxc5 $17 Bxc5 17. O-O-O) 16... cxd4 $19 17. axb4 dxe3 18. fxe3 {[#]} Qe7 ({Much less strong is} 18... d4 19. O-O-O $17) (18... Rxe3 $1 $19 {[%mdl 512]} 19. Qxe3 Re8 20. Qxe8+ Qxe8+ 21. Kf2 d4) 19. O-O {[#]} (19. Qd2 $15) 19... d4 $1 $36 {[%cal Rd4c3][%mdl 2560] White is under strong pressure.} 20. Nd1 (20. exd4 Qxe2) 20... Qxb4 21. Rxf6 $2 {This move loses the game for White.} (21. Ra3 $17) 21... gxf6 $19 22. Qg4+ Kh8 {White must now prevent ...Qe1+.} 23. Nf2 Qxb2 24. Ra6 (24. Qxd4 $142 Qxd4 25. exd4) 24... dxe3 25. Ne4 Qb1+ {Black mates.} 26. Kh2 Qxe4 27. Qh5 Qe5+ 28. Qxe5 Rxe5 29. Rxf6 e2 30. Rxf7 e1=Q 31. h4 Qxh4+ {Accuracy: White = 31%, Black = 62%.} (31... Rg8 $142 32. Rf3 {[#]} Re2 $1 {[%mdl 512]} 33. h5 Rgxg2+ 34. Kh3 Qh1#) 0-1

[Event "Bicaz City Cup 2020"]
[Site "Bicaz"]
[Date "2020.03.06"]
[Round "2.17"]
[White "Panc, Samuel"]
[Black "Russeva, Viktoria"]
[Result "0-1"]
[WhiteElo "1910"]
[BlackElo "1550"]
[Annotator "TA"]
[PlyCount "76"]
[EventDate "2020.03.05"]
[EventType "swiss"]
[EventCountry "ROU"]
[SourceTitle "playchess.com"]
[Source "ChessBase"]
[SourceQuality "1"]

{[%evp 9,75,72,74,56,78,75,83,78,71,53,69,49,74,75,103,19,51,8,14,17,27,7,35,18,14,6,39,15,13,0,26,0,9,-7,-5,-12,0,-11,0,0,0,0,4,0,0,0,2,-13,-5,-54,-14,-75,-74,-75,-71,-75,-69,-155,-135,-665,-160,-389,-377,-340,-242,-2423,-878,-29999]} 1. e4 d5 2. exd5 Qxd5 3. Nf3 Nf6 4. d4 c6 5. c4 Qa5+ 6. Nc3 {B01: Scandinavian Defence.} Bg4 7. Be2 e6 8. O-O {White is better.} Bd6 9. Be3 {[#]} O-O $146 ({Predecessor:} 9... Nbd7 10. Qc2 O-O 11. h3 Bh5 12. Rfd1 Rfe8 13. Rac1 Rac8 14. Qd2 Bb4 15. a3 Bxc3 16. Qxc3 Qxc3 17. Rxc3 {0-1 (59) Domanski,L (1562)-Ociepka,T (1852) Krakow 2012}) 10. a3 a6 11. h3 Bh5 12. Qc2 (12. g4 $16 Bg6 13. Nh4) 12... Qc7 13. Rfd1 Nbd7 14. Rac1 {[%cal Ba1c1,Bc1c2,Bc2d2][%mdl 32]} Rac8 15. Qb1 Bf4 16. Bxf4 Qxf4 17. Rc2 Nb6 18. b3 Rfd8 19. Rcd2 Qc7 20. Qa2 Nbd7 21. Rc2 Bg6 22. Rcd2 b5 23. Nh4 Nb6 24. Nxg6 hxg6 25. Bf3 Rd7 26. c5 Nbd5 27. Bxd5 exd5 28. b4 Re7 29. a4 Rce8 {[#] ( -> ...Re1+)} 30. Rf1 (30. Re2 $11) 30... Qf4 $36 {[%mdl 2048] White is under strong pressure.} 31. axb5 axb5 32. Ne2 Qc7 33. f3 ({White should try} 33. Ng3 $15) 33... Nh5 34. Kf2 $2 {[%mdl 8192] White does not recover from this.} (34. Rf2 $17) 34... Nf4 $2 (34... Qh2 $19 {and Black stays clearly on top.} 35. Ra1 g5) 35. Ng3 $2 (35. Nxf4 $17 {was forced.} Qxf4 36. g3) 35... Re3 $19 {Threatens to win with ...Nd3+.} 36. Qc2 Qe7 {[#] aiming for ...Qh4.} 37. Rfd1 $2 (37. Kg1) 37... Re1 (37... Qh4 $142 38. Qa2 Nh5) 38. Qc1 Qe3# {Accuracy: White = 55%, Black = 70%.} 0-1

[Event "Bicaz City Cup 2020"]
[Site "Bicaz"]
[Date "2020.03.06"]
[Round "2.18"]
[White "Sandulescu, Gheorghe"]
[Black "Cimpoiasu, Dan"]
[Result "0-1"]
[WhiteElo "1632"]
[BlackElo "1884"]
[Annotator "NA RC"]
[PlyCount "46"]
[EventDate "2020.03.05"]
[EventType "swiss"]
[EventCountry "ROU"]
[SourceTitle "playchess.com"]
[Source "ChessBase"]
[SourceQuality "1"]
[TimeControl "5400+30"]

1. d4 {[%emt 0:01:04]} Nf6 {[%emt 0:06:53]} 2. c4 {[%emt 0:00:18]} g6 {[%emt 0:00:35]} 3. h4 {[%emt 0:00:23]} Bg7 {[%emt 0:00:39]} 4. Nc3 {[%emt 0:00:34]} d5 {[%emt 0:01:08]} 5. cxd5 {[%emt 0:01:46]} Nxd5 {[%emt 0:00:47]} 6. e4 {[%emt 0:00:45] E60: King's Indian: Unusual lines and Fianchetto Variation without Nc3.} Nb6 {[%emt 0:04:56]} 7. Be3 {[%emt 0:02:42]} Nc6 {[%emt 0:02:19]} 8. Nf3 {[%emt 0:04:33]} Bg4 {[%emt 0:01:21] [#]} 9. Bb5 $146 {[%emt 0:00:28]} ({Predecessor:} 9. d5 Ne5 10. Be2 O-O 11. Nxe5 Bxe2 12. Nxf7 Bxd1 13. Nxd8 Bg4 14. Ne6 Bxe6 15. dxe6 {½-½ (67) Giri,A (2782)-Vachier Lagrave,M (2789) Leuven 2016}) 9... O-O {[%emt 0:01:42]} 10. Bxc6 {[%emt 0:00:59]} bxc6 {[%emt 0:00:08]} 11. Qd3 {[%emt 0:09:02]} c5 {[%emt 0:04:06]} 12. Ne2 {[%emt 0:01:30]} cxd4 {[%emt 0:01:07]} 13. Bf4 {[%emt 0:07:34]} c5 {[%emt 0:04:28]} 14. Nd2 $2 {[%emt 0:03:07]} (14. b3) 14... c4 {[%emt 0:02:28]} (14... e5 $142 15. Bg3 {[#]} c4 $1 {[%mdl 512]}) 15. Qa3 {[%emt 0:07:57]} Bxe2 {[%emt 0:03:35]} 16. Kxe2 {[%emt 0:00:14]} c3 {[%emt 0:01:21]} 17. bxc3 {[%emt 0:03:57]} dxc3 {[%emt 0:00:20]} 18. Nf3 {[%emt 0:01:28]} Qd7 {[%emt 0:02:41]} 19. Qb3 {[%emt 0:02:17]} Qc6 {[%emt 0:06:34]} 20. Rac1 {[%emt 0:07:37]} Qxe4+ {[%emt 0:01:14]} 21. Be3 {[%emt 0:00:12]} Nd5 {[%emt 0:10:29]} 22. Qc2 {[%emt 0:12:13]} Nf4+ {[%emt 0:04:16] Double Attack} 23. Kf1 {[%emt 0:00:35]} Qc4+ $19 {[%emt 0:00:28]} 0-1

[Event "Bicaz City Cup 2020"]
[Site "Bicaz"]
[Date "2020.03.06"]
[Round "2.19"]
[White "Ienasoaie, Rafael"]
[Black "Turcan, Gheorghe"]
[Result "1-0"]
[WhiteElo "1883"]
[BlackElo "1535"]
[Annotator "NA RC"]
[PlyCount "123"]
[EventDate "2020.03.05"]
[EventType "swiss"]
[EventCountry "ROU"]
[SourceTitle "playchess.com"]
[Source "ChessBase"]
[SourceQuality "1"]
[TimeControl "5400+30"]

1. e4 {[%emt 0:00:00]} e6 {[%emt 0:00:21]} 2. d4 {[%emt 0:00:02]} d5 {[%emt 0:01:00]} 3. exd5 {[%emt 0:00:30]} exd5 {[%emt 0:00:14]} 4. Bd3 {[%emt 0:00:18]} Bd6 {[%emt 0:00:12]} 5. Nf3 {[%emt 0:00:11]} Ne7 {[%emt 0:00:55]} 6. O-O {[%emt 0:00:13]} Bf5 {[%emt 0:01:42]} 7. Bxf5 {[%emt 0:01:19]} Nxf5 {[%emt 0:00:22]} 8. Qe2+ {[%emt 0:00:29] C01: French: Exchange Variation.} Ne7 {[%emt 0:00:55]} 9. Qb5+ {[%emt 0:00:16]} Nd7 {[%emt 0:03:37]} 10. Qxb7 {[%emt 0:00:23]} O-O {[%emt 0:02:46] [#]} 11. Qa6 $146 {[%emt 0:00:24]} ({Predecessor:} 11. Qb3 c5 12. c3 c4 13. Qc2 Qc7 14. Re1 Ng6 15. b3 Rfe8 16. Be3 cxb3 17. axb3 {1-0 (40) Kirchner,T (2270)-Noble,A Schwanstetten 1994}) 11... Ng6 {[%emt 0:01:39]} 12. Be3 {[%emt 0:01:05]} Qf6 {[%emt 0:01:32]} 13. Qd3 {[%emt 0:00:14]} h6 {[%emt 0:01:30]} 14. Nc3 {[%emt 0:00:22]} c6 {[%emt 0:00:59]} 15. Ne2 {[%emt 0:00:10]} Nh4 {[%emt 0:04:52]} 16. Nxh4 {[%emt 0:01:06]} Qxh4 {[%emt 0:00:19]} 17. g3 {[%emt 0:00:16]} Qh3 {[%emt 0:06:26]} 18. Nf4 {[%emt 0:01:19]} Bxf4 {[%emt 0:00:53]} 19. Bxf4 {[%emt 0:00:10]} Nf6 {[%emt 0:01:13]} 20. f3 {[%emt 0:00:52]} Nh5 {[%emt 0:03:59]} 21. Qd2 {[%emt 0:01:01]} Rfe8 {[%emt 0:01:47]} 22. Rae1 {[%emt 0:00:32]} Qf5 {[%emt 0:06:26]} 23. Be5 {[%emt 0:00:27]} f6 {[%emt 0:01:48]} 24. g4 {[%emt 0:00:59]} Qg6 {[%emt 0:00:13]} 25. Bg3 {[%emt 0:01:46]} Nxg3 {[%emt 0:01:45]} 26. hxg3 {[%emt 0:00:09]} h5 {[%emt 0:01:01]} 27. gxh5 {[%emt 0:22:55]} Qxg3+ {[%emt 0:00:34]} 28. Qg2 {[%emt 0:00:09]} Qh4 {[%emt 0:00:17]} 29. Qg4 {[%emt 0:00:21]} Qxe1 {[%emt 0:09:06]} 30. Rxe1 {[%emt 0:00:07]} Rxe1+ {[%emt 0:00:17]} 31. Kf2 {[%emt 0:00:08]} Rae8 {[%emt 0:00:34]} 32. Qd7 {[%emt 0:00:59]} R8e2+ {[%emt 0:07:46]} 33. Kg3 {[%emt 0:00:12]} Rg1+ {[%emt 0:01:12]} 34. Kf4 {[%emt 0:00:13]} Rh1 {[%emt 0:01:54]} 35. Qxc6 {[%emt 0:05:38]} Rxh5 {[%emt 0:01:33]} 36. c4 {[%emt 0:00:52]} g5+ $2 {[%emt 0:08:38]} (36... g6 $11 {and Black has nothing to worry.}) 37. Kf5 {[%emt 0:00:21]} g4+ {[%emt 0:04:32] [#]} 38. Kg6 $1 {[%emt 0:00:08]} Rg5+ {[%emt 0:01:00]} 39. Kxf6 {[%emt 0:00:06]} Rg7 {[%emt 0:00:47]} 40. Qxd5+ {[%emt 0:00:14]} Kh7 {[%emt 0:00:08]} 41. Qh5+ {[%emt 0:00:59]} Kg8 {[%emt 0:00:03]} 42. fxg4 {[%emt 0:00:14]} Rf2+ $2 {[%emt 0:02:33]} (42... Ree7 $1 $11 {and Black stays safe.}) 43. Ke6 {[%emt 0:00:21]} Re2+ {[%emt 0:02:17]} 44. Kd6 {[%emt 0:00:09]} Rxb2 {[%emt 0:00:18]} 45. c5 {[%emt 0:00:07]} Rb4 {[%emt 0:02:02]} 46. d5 {[%emt 0:00:20]} Rbxg4 {[%emt 0:00:07]} 47. Qe8+ {[%emt 0:00:15]} Kh7 {[%emt 0:00:07]} 48. c6 {[%emt 0:00:05]} Rc4 {[%emt 0:01:23]} 49. Qd8 {[%emt 0:01:07]} Rg6+ {[%emt 0:00:27]} 50. Kc7 {[%emt 0:00:09]} Rg7+ {[%emt 0:00:06]} 51. Kd6 {[%emt 0:00:11]} Rg6+ {[%emt 0:00:14]} 52. Ke5 {[%emt 0:00:05]} Rg7 {[%emt 0:01:30]} 53. Qe8 {[%emt 0:01:46]} Rc2 {[%emt 0:00:25]} 54. Qh5+ {[%emt 0:00:10]} Kg8 {[%emt 0:00:03]} 55. a4 {[%emt 0:00:40]} a5 {[%emt 0:00:12]} 56. Kd4 {[%emt 0:01:19]} Rgg2 {[%emt 0:02:01]} 57. Qe8+ {[%emt 0:00:49]} Kg7 {[%emt 0:00:06]} 58. Qd7+ {[%emt 0:00:07]} Kf6 {[%emt 0:00:27]} 59. Qd8+ {[%emt 0:00:30]} Kf5 {[%emt 0:00:09]} 60. Qf8+ {[%emt 0:00:09]} Kg6 {[%emt 0:00:42] [#]} 61. c7 $1 {[%emt 0:00:44]} Rgd2+ {[%emt 0:00:23]} 62. Ke5 {[%emt 0:00:13]} 1-0

[Event "Bicaz City Cup 2020"]
[Site "Bicaz"]
[Date "2020.03.06"]
[Round "2.20"]
[White "Tablan, Matei-Christian"]
[Black "Turcu, Vasile-Emanoil"]
[Result "1-0"]
[WhiteElo "1858"]
[BlackElo "1504"]
[Annotator "NA RC"]
[PlyCount "48"]
[EventDate "2020.03.05"]
[EventType "swiss"]
[EventCountry "ROU"]
[SourceTitle "playchess.com"]
[Source "ChessBase"]
[SourceQuality "1"]
[TimeControl "5400+30"]

{[%evp 15,48,11,18,20,32767,32767,32767,32767,32767,73,89,42,70,60,222,225,226,220,503,486,488,493,507,406,424,404,494,467,503,360,651,684,875,792,716]} 1. e4 {[%emt 0:11:41]} e5 {[%emt 0:00:15]} 2. Nf3 {[%emt 0:00:11]} Nf6 {[%emt 0:00:42]} 3. Nxe5 {[%emt 0:00:16]} d6 {[%emt 0:00:18]} 4. Nf3 {[%emt 0:00:05]} Nxe4 {[%emt 0:00:07]} 5. Nc3 {[%emt 0:00:04]} Nxc3 {[%emt 0:09:57]} 6. dxc3 {[%emt 0:00:12]} Be7 {[%emt 0:09:35]} 7. Be3 {[%emt 0:00:34]} Nd7 {[%emt 0:06:50]} 8. Bd3 {[%emt 0:24:32] C42: Petroff Defence: 3 Nxe5 and unusual White 3rd moves.} Nf6 {[%emt 0:03:27] h} 9. h3 {[%emt 0:02:27] [#]} Bd7 $146 {[%emt 0:20:37]} ({Predecessor:} 9... O-O 10. Qd2 Be6 11. c4 d5 12. Ng5 h6 13. Nxe6 fxe6 14. O-O-O c5 15. Kb1 d4 {1-0 (31) Chauca,J (2065)-Baptista,A (1910) Rio de Janeiro 2018}) 10. Qd2 {[%emt 0:01:56]} c6 {[%emt 0:04:56]} 11. O-O-O {[%emt 0:03:28]} Qc7 {[%emt 0:01:01]} 12. Rde1 {[%emt 0:07:15]} O-O {[%emt 0:19:49]} 13. c4 {[%emt 0:29:30]} Rae8 {[%emt 0:07:06]} 14. Bf4 {[%emt 0:01:08]} c5 $2 {[%emt 0:03:58] [#]} (14... Be6 $1 $14) 15. Rxe7 $1 {[%emt 0:00:50] Remove Defender} Rxe7 {[%emt 0:01:11] [#]} 16. Bxd6 $1 {[%emt 0:00:06] Double Attack} Qxd6 $2 {[%emt 0:05:04] [#]} (16... Qd8 {was necessary.} 17. Bxc5 g6 18. Bxe7 Qxe7) 17. Bxh7+ $1 {[%emt 0:00:07] Discovered Attack} Kxh7 {[%emt 0:00:58]} 18. Qxd6 {[%emt 0:00:32]} Rfe8 {[%emt 0:00:31]} 19. Rd1 {[%emt 0:01:49]} b6 {[%emt 0:01:24]} 20. b3 {[%emt 0:00:47]} Re2 {[%emt 0:01:38]} 21. Qf4 {[%emt 0:04:14]} Kg8 {[%emt 0:00:32]} 22. Rd6 {[%emt 0:01:26]} R8e6 $2 {[%emt 0:00:31]} (22... Rxf2 23. Rd2 Rxd2 24. Kxd2 Rc8) 23. Rxe6 {[%emt 0:01:43]} Bxe6 {[%emt 0:00:31]} 24. Ng5 {[%emt 0:06:17]} Bd7 $18 1-0